| 000 | 00864nam a2200205 u 4500 | ||
|---|---|---|---|
| 001 | 000369572 | ||
| 003 | AM-YeHGA | ||
| 005 | 20250617131848.0 | ||
| 008 | 041014s1983 ||||||||||||||||||||rus d | ||
| 040 | _aAM-YeHGA | ||
| 041 | 0 | _arus | |
| 245 | 0 | 0 |
_aЭффективное использование топливно-энергетических ресурсов : _bОтыт и практика СССР, ВНР, ГДР и ЧССР / _cПод ред. Д.Б. Вольфберга. |
| 260 |
_aМосква : _bЭнергоатомиздат, _c1983. |
||
| 300 |
_a208 с. : _bил. |
||
| 440 | 0 | _aЭкономия топлива и электроэнергии | |
| 650 | 1 | 4 | _aОбщая энергетика |
| 650 | 1 | 4 | _aЭкономия электроэнергии и топлива |
| 700 | 1 |
_aВольфберг, Д.Б. _eред. _4edt |
|
| 090 | _c142652 | ||
| 999 |
_c141272 _d141272 |
||